000
00305nam a22001337a 4500
999
_c
12311
_d
12311
020
_a
9789352718719
082
_a
658.15
100
_a
S.N. Maheshwari
245
_a
Financial Accounting for BBA
_c
S.N. Maheshwari
250
_a
2nd
260
_a
India
_b
VIKAS
_c
2018
300
_a
942 pages.
942
_c
BK